| 000 | 01343cam a22002771i 4500 | ||
|---|---|---|---|
| 003 | SA-RiAUC | ||
| 005 | 20250718135609.0 | ||
| 008 | 241022s2008 su a g 000 0 ara c | ||
| 040 |
_aSA-MaHRM _bara _cSA-RiAUC _erda |
||
| 082 | 0 | 4 |
_a237.3 _qSA-RiAUC |
| 090 |
_a237.3 _bم ي ر |
||
| 100 | 1 |
_aميرغني، عبد الله بن إبراهيم بن حسن، _dتوفي 1207 هجري _eمؤلف. |
|
| 245 | 1 | 0 |
_aعدة الإنابة في أماكن الإجابة / _cعبد الله بن إبراهيم بن حسن ميرغني ؛ تحقيق عبد الله نذير أحمد مزي. |
| 250 | _aالطبعة الأولى. | ||
| 264 | 1 |
_aمكة المكرمة : _bالمكتبة المكية، _c2008 |
|
| 300 |
_a318 صفحة : _bإيضاحيات ؛ _c24 سم |
||
| 336 |
_aنص _btxt _2rdacontent _3كتاب |
||
| 337 |
_aبدون وسيط _bn _2rdamedia |
||
| 338 |
_aمجلد _bnc _2rdacarrier |
||
| 650 | 7 |
_aالحديث _xجوامع الفنون _2aucsh |
|
| 650 | 7 |
_aالأدعية والأوراد _2aucsh |
|
| 700 | 1 | 2 |
_iتحقيق لـ (عمل) : _aميرغني، عبد الله بن إبراهيم بن حسن، _dتوفي 1207 هجري _tعدة الإنابة في أماكن الإجابة |
| 700 | 1 |
_aمزي، عبد الله نذير أحمد _eمحقق. |
|
| 942 |
_2ddc _cBOOK _n0 |
||
| 949 |
_aSA-JeALM _d241022 _umohamedma123 _n1 |
||
| 999 |
_c1608 _d1608 |
||